Profitable Social Media Marketing : (Record no. 33760)

MARC details
000 -LEADER
fixed length control field 00482nam a22001697a 4500
005 - DATE AND TIME OF LATEST TRANSACTION
control field 20231009144214.0
008 - FIXED-LENGTH DATA ELEMENTS--GENERAL INFORMATION
fixed length control field 231004b |||||||| |||| 00| 0 eng d
020 ## - INTERNATIONAL STANDARD BOOK NUMBER
ISBN 9781492819936
082 ## - DEWEY DECIMAL CLASSIFICATION NUMBER
Classification number 658.872
Item number KIT-P
100 ## - MAIN ENTRY--AUTHOR
Author Name Kitchen,Tim
245 ## - TITLE STATEMENT
Title Profitable Social Media Marketing :
Remainder of title How to Grow Your Business Using Facebook, Twitter, Google+, LinkedIn and More
300 ## - PHYSICAL DESCRIPTION
Pages 216
500 ## - GENERAL NOTE
General note Include Index
650 ## - SUBJECT ADDED ENTRY--TOPICAL TERM
Subject / Department Management
700 ## - ADDED ENTRY--PERSONAL NAME
Personal name Tim Kitchen
952 ## - LOCATION AND ITEM INFORMATION (KOHA)
-- 0
-- 0
Holdings
Lost status Damaged status Collection code Permanent Location Current Location Shelving Location Date acquired Full Call Number Accession No./Barcode Date last seen item type
    Management Superior Information Resource Center (SIRC) Superior University- Main Campus Superior Information Resource Center (SIRC) Superior University- Main Campus Management 10/04/2023 658.872 KIT-P 20638 10/04/2023 BOOK

Powered by Koha